A csángó konyha: a kilér
Elmentve itt :
| Szerző: | |
|---|---|
| Adatforrás: | Meister |
| Forrásdokumentuma: | Művelődés. - 3 sz., 1994, 32-35 p. |
| Nyelv: | magyar |
| Kulcsszavak: | etnográfia csángók |
| LEADER | 00342nab a2200133 i 4500 | ||
|---|---|---|---|
| 001 | bibPRO00000915 | ||
| 008 | 060524s1994 xx hun | ||
| 040 | |a Sz1 | ||
| 041 | |a hun | ||
| 100 | 1 | |a KÓS Károly | |
| 245 | 1 | 2 | |a A csángó konyha: a kilér |c KÓS Károly |
| 695 | |a etnográfia | ||
| 695 | |a csángók | ||
| 773 | 0 | |t Művelődés. - |g 3 sz., 1994, 32-35 p. | |